000 00801nam a2200265Ia 4500
003 OSt
005 20220926030220.0
006 a|||||r|||| 00| 0
007 ta
008 220923b |||||||| |||| 00| 0 eng d
020 _a0897270207
037 _cGeneral Book
040 _aRTL
_cRTL
_beng
041 _2eng
_aeng
082 _aY72:3(Q).8.N7, M1
100 _aKolig Erich
_9333847
245 0 _aSilent revololution
_b The effects of modernization on Australian aboriginal religion
260 _aPhiladelphia
_bISHI
_c1981
300 _axii, 192p
_ccm.
490 _aInstitute for the Study of Human Issues
500 _aBibiliogrpahy: P 184-87
650 _aTribes
_940733
942 _hY72:3(Q).8.N7, M1
_cGB
_2CC
999 _c648995
_d648995